Star wars the clone wars : (Record no. 7705)

MARC details
000 -LEADER
fixed length control field 00953nam a22003017a 4500
001 - CONTROL NUMBER
control field 7705
003 - CONTROL NUMBER IDENTIFIER
control field FISKH
005 - DATE AND TIME OF LATEST TRANSACTION
control field 20250731142103.0
008 - FIXED-LENGTH DATA ELEMENTS--GENERAL INFORMATION
fixed length control field 250731b cb ||||| |||| 00| 0 eng d
020 ## - INTERNATIONAL STANDARD BOOK NUMBER
International Standard Book Number 9780756651992
040 ## - CATALOGING SOURCE
Original cataloging agency FISKH
Language of cataloging eng
Transcribing agency FISKH
Modifying agency FISKH
050 ## - LIBRARY OF CONGRESS CALL NUMBER
Classification number PZ7.S42535 J
082 ## - DEWEY DECIMAL CLASSIFICATION NUMBER
Classification number 791.43
100 ## - MAIN ENTRY--PERSONAL NAME
Personal name Scott, Heather
245 ## - TITLE STATEMENT
Title Star wars the clone wars :
Remainder of title Jedi in trainning /
Statement of responsibility, etc. Written by Heather Scott
250 ## - EDITION STATEMENT
Edition statement This edition first published in 2009
260 ## - PUBLICATION, DISTRIBUTION, ETC.
Place of publication, distribution, etc. New York :
Name of publisher, distributor, etc. DK,
Date of publication, distribution, etc. 2009
300 ## - PHYSICAL DESCRIPTION
Extent 32 pages :
Other physical details color illustrations ;
Dimensions 23 cm
490 ## - SERIES STATEMENT
Series statement Beginning to reading alone :
Volume/sequential designation # Level 2
505 ## - FORMATTED CONTENTS NOTE
Formatted contents note E<br/>
520 ## - SUMMARY, ETC.
Summary, etc. "Join Ahsoka Tano as she trains to become a Jedi during dangerous times of the Clone Wars"--P. [4] of cover.<br/>
521 8# - TARGET AUDIENCE NOTE
Target audience note 270<br/>
Source Lexile<br/>
521 8# - TARGET AUDIENCE NOTE
Target audience note E<br/>
Source Raz-Plus<br/><br/>
650 ## - SUBJECT ADDED ENTRY--TOPICAL TERM
Source of heading or term Clone Wars
Topical term or geographic name entry element Star Wars
650 ## - SUBJECT ADDED ENTRY--TOPICAL TERM
Source of heading or term DK Readers
Topical term or geographic name entry element Jedi
942 ## - ADDED ENTRY ELEMENTS (KOHA)
Source of classification or shelving scheme Dewey Decimal Classification
Koha item type Books
Suppress in OPAC No
Holdings
Withdrawn status Lost status Source of classification or shelving scheme Damaged status Not for loan Collection Home library Current library Shelving location Date acquired Total Checkouts Full call number Barcode Date last seen Copy number Price effective from Koha item type
    Dewey Decimal Classification     Juvenile Fiction Footprints International School Library Network Toul Tom Poung Campus Footprints International School Library Network Toul Tom Poung Campus TTP Primary Green Bookshelves 07/31/2025   SCO 791.43 PZ7.S42535 J FISTK01390 07/31/2025 1 07/31/2025 Books